000
00287nam a2200121Ia 4500
008
190216s9999||||xx |||||||||||||| ||und||
100
_a
Dr.Sivaraj Singh
245
0
_a
Hindi-Indonasia Ka Mangolik Swaroop
260
_b
Navraj Prakashan
300
_a
148
650
_a
Hindi
942
_c
BK
999
_c
16183
_d
16183